| 000 | 02074cam a22005054i 4500 | ||
|---|---|---|---|
| 003 | PE-LiUPU | ||
| 005 | 20250731173502.0 | ||
| 008 | 150616s1992 ilu r 000 0 eng d | ||
| 020 | _a0842347356 | ||
| 035 | _a(Sirsi) i9780842347358 | ||
| 040 |
_aPE-LiUPU _bspa _cPE-LiUPU _erda |
||
| 049 | _aPRUA | ||
| 082 | 0 | 4 |
_a220.102 _bC73 _221 |
| 100 | 1 |
_aComfort, Philip Wesley, _eautor. |
|
| 245 | 1 | 4 |
_aThe Origin of The Bible / _cPhilip Wesley Comfort. |
| 264 | 1 |
_aWheaton, Illinois : _bTyndale House Publishers, _c1992. |
|
| 300 |
_a308 páginas ; _c24 centímetros |
||
| 336 |
_atext _2rdacontent |
||
| 337 |
_aunmediated _2rdamedia |
||
| 338 |
_avolume _2rdacarrier |
||
| 505 | 0 | _aThe authority and inspiration of the Bible -- The canon of the Bible -- The Bible as a Literary text -- Bible text and Manuscripts -- Bible translation. | |
| 526 | _aSEG42 | ||
| 526 | _aSEG41 | ||
| 526 | _aSEG40 | ||
| 526 | _aSEG39 | ||
| 526 | _aP94 | ||
| 526 | _aP87 | ||
| 526 | _aP86 | ||
| 526 | _aP85 | ||
| 526 | _aP77 | ||
| 526 | _aP76 | ||
| 526 | _aP35 | ||
| 630 |
_aBiblia _xIntroducciones. _92045 |
||
| 650 | 0 | 4 | _aOrigen de la Biblia. |
| 910 |
_ajck _bjvq _cjck |
||
| 942 |
_2ddc _cBOOK |
||
| 949 |
_a220.102 C73 _wDEWEY _c1 _i41250 _lCCODEBUL1 _mBUL _r0 _sY _tBOOK _u2015-4-23 _xTEOLOGIA _zUNKNOWN _0COMPRA _o.STAFF. Colección General |
||
| 949 |
_a220.102 C73 _wDEWEY _c2 _i40324 _d2016-1-28 _e2016-1-27 _lCCODEBUL1 _mBUL _n2 _r0 _sY _tBOOK _u2015-6-16 _xTEOLOGIA _zUNKNOWN _0COMPRA _o.STAFF. Colección General |
||
| 994 |
_aC0 _bPEPRU |
||
| 596 | _a1 | ||
| 999 |
_a220.102 C73 _wDEWEY _c58126 _i41250 _d58126 _e2017-5-18 _f2021-11-9 _g5 _lCCODEBUL1 _mBUL _n3 _p15.48 _q1 _r0 _sY _tBOOK _u2015-4-23 _xTEOLOGIA _PP35 _0COMPRA _o.STAFF. Colección Teología |
||
| 999 |
_a220.102 C73 _wDEWEY _c2 _i40324 _d2019-6-9 _e2019-1-9 _f2021-11-9 _g5 _lCCODEBUL1 _mBUL _n3 _p15.48 _q3 _r0 _sY _tBOOK _u2015-6-16 _xTEOLOGIA _zUNKNOWN _0COMPRA _o.STAFF. Colección Teología |
||
| 980 |
_81 _gALBERTO SANCHEZ Responsable de Automatización |
||